| 000 | 00507nam a2200205Ia 4500 | ||
|---|---|---|---|
| 003 | 0100 | ||
| 005 | 20161116094102.0 | ||
| 008 | 130307s9999 xx 000 0 und d | ||
| 040 | _cARRUPELIB | ||
| 050 | _aBF31.H34 Ref. | ||
| 100 |
_aHarriman, Philip Lawrence _927491 |
||
| 245 | _aDictionary of psychology | ||
| 260 | _aNew York | ||
| 260 | _bPhilosophical Library | ||
| 260 | _c1947 | ||
| 300 | _a364p. | ||
| 300 | _b19cm. | ||
| 650 |
_aPsychology _xDictionaries _927492 |
||
| 942 |
_2lcc _cMONOGRAPH |
||
| 999 |
_c82343 _d82343 |
||